00632nam a2200229 a 450000100060000000300090000600800410001501500080005602000150006404000280007904100120010704300180011908200130013710000210015024500800017125000110025126000350026230000240029749000230032165000200034470000380036424586CO-ViMGA141112s2004 ck r 000 u spa d aNSN a958272000X aCO-ViMGAbspacCO-ViMGA aspa fre ae - fr - - - 04a843 M68p1 aMourad, Kenizé10aDe parte de la princesa muerta Kenize Mourad ; traducción Maurico Wacquez a2a ed. aBogotá Arango Editores 1993. a582 p. mapas 23 cm. aLa Vuelta al mundo14aNovela francesa1 aWacquez, Mauricio 1939 - 2000 Tr.